000
00280nam a22001097a 4500
082
_a
158 GAL'Y
100
_a
GALLAPHER, J. ROSWELL
_9
76383
245
_a
YOUR CHILDERNS HEALTH,A HANDBOOK FOR PARENTS AND TECHERS
260
_a
ILLINOIS
_b
SPENCER
_c
1952
300
_a
48P
942
_c
BK
999
_c
581777
_d
581777